| 000 | 00532nam a22001817a 4500 | ||
|---|---|---|---|
| 005 | 20140723112003.0 | ||
| 010 | _aENG-109987 | ||
| 020 |
_c375.00 _a9789380151519 |
||
| 035 | _aEN-93520 | ||
| 037 | _bDBAD/PUB | ||
| 082 | _aN | ||
| 100 | _aGhosh, Kaushik K. | ||
| 245 | 0 | 0 |
_aLast rites : _cby Kaushik K. Ghosh _bunforgettable people,unforgettable memories / |
| 260 |
_aGoa _bCinnamonTeal _c2010 |
||
| 270 |
_aPolt No 16,Gogal, Housing Board Colony _bMargao Goa _e403601 |
||
| 300 |
_a179p. _c23cm(pbk) |
||
| 942 |
_2ddc _cEN _mGHO _hN |
||
| 999 |
_c84124 _d84124 |
||